00000000nam 2200000za 4500
0019.615304
003CaOODSP
00520210615101053
007ta
008150406|2000||||xxc|||||     f|0| 0 eng d
020 |a0-662-29317-7
040 |aCaOODSP|beng
043 |an-cn---
0861 |aA54-8/2000-1E
1101 |aCanada. |bAgriculture and Agri-Food Canada. |bResearch Branch.
24514|aThe effects of chronological age, slaughter weight, and gender on lamb : |ba review / |cby L. E. Jeremiah.
260 |aLacombe - Alberta : |bAgriculture and Agri-Food Canada. |c2000.
300 |a19p. : |breferences, tables ; |c22 cm.
4901 |aTechnical bulletin|v2000-1E
546 |aRésumé en français
563 |aSoftcover
590 |a00-45|b2000-11-10
69007|aSheep|2gcpds
69007|aAgri-food products|2gcpds
7201 |aJeremiah, L. E.
7760#|tThe effects of chronological age, slaughter weight, and gender on lamb |w(CaOODSP)9.581632
830#0|aTechnical bulletin ;|v2000-1E|w(CaOODSP)9.514411